LEADER 00761nam0-22002771i-450- 001 990007091240403321 005 20020610 035 $a000709124 035 $aFED01000709124 035 $a(Aleph)000709124FED01 035 $a000709124 100 $a20020610d1951----km-y0itay50------ba 101 0 $aeng 102 $aGB 105 $ay-------001yy 200 1 $aMorals in evolution$ea study in comparative ethics$fby L.T. Hobhouse 210 $aLondon$cChapman & Hall$d1951 215 $aXLVIII, 648 p.$d24 cm 700 1$aHobhouse,$bLeonard Trelawney$0252381 801 0$aIT$bUNINA$gRICA$2UNIMARC 901 $aBK 912 $a990007091240403321 952 $aXI M 10$b39534$fFGBC 959 $aFGBC 996 $aMorals in evolution$9704527 997 $aUNINA LEADER 04217nam 22005535 450 001 9910770263903321 005 20231205184833.0 010 $a3-031-44710-7 024 7 $a10.1007/978-3-031-44710-5 035 $a(CKB)29277355100041 035 $a(MiAaPQ)EBC30999744 035 $a(Au-PeEL)EBL30999744 035 $a(DE-He213)978-3-031-44710-5 035 $a(EXLCZ)9929277355100041 100 $a20231205d2024 u| 0 101 0 $aeng 135 $aur||||||||||| 181 $ctxt$2rdacontent 182 $cc$2rdamedia 183 $acr$2rdacarrier 200 10$aChoosing & Using Binoculars $eA Guide for Star Gazers, Birders and Outdoor Enthusiasts /$fby Neil T. English 205 $a1st ed. 2024. 210 1$aCham :$cSpringer International Publishing :$cImprint: Springer,$d2024. 215 $a1 online resource (518 pages) 300 $aIncludes index. 311 08$a9783031447099 327 $aIntroduction: The Joy of the Binocular -- Acknowledgements -- Foreword -- Part I: Chapter 1: Binoculars 101 -- Chapter 2: A Brief History of the Binocular -- Chapter 3: Pocket Binoculars -- Chapter 4: Compact Binoculars -- Chapter 5: Full-Size Binoculars -- Chapter 6: Low Light Binoculars -- Chapter 7: Range-Finding Binoculars -- Chapter 8: Astronomical Binoculars -- Chapter 9: Marine Binoculars -- Part II: Chapter 10: Leica Binoculars -- Chapter 11: Zeiss Binoculars -- Chapter 12: Swarovski Binoculars -- Chapter 13: Nikon Binoculars -- Chapter 14: Vortex Binoculars -- Chapter 15: GPO Binoculars -- Chapter 16: Opticron Binoculars -- Chapter 17: Meopta Binoculars -- Chapter 18: Maven Binoculars -- Chapter 19: Kowa Binoculars -- Chapter 20: Pentax Binoculars -- Chapter 21: Oberwerk Binoculars -- Chapter22: Leupold Binoculars -- Chapter 23: Fujinon Binoculars -- Chapter 24: Bushnell Binoculars -- Chapter 25: Popular Binocular Accessories -- Chapter 26: Testing Binoculars: Notes from the Field -- Chapter 27: Top Bargains in Today?s Market -- Chapter 28: A Brief Survey of Classic Binocular Literature -- Chapter 29: Classic Binoculars -- Chapter 30: Earth & Sky -- Glossary -- Binocular Repairers & Restorers -- Index. 330 $aBinoculars are life enhancing instruments, uniquely capable of bringing the intricacies of nature into sharp focus. Whether it be birds, majestic lakes and seas, alpine vistas, wild animals or exploring the glories of the night sky, anyone interested in buying binoculars today will be faced with a bewildering number of different models to choose from! This book walks the reader through the fascinating world of binoculars, past and present, while exploring all of the main binocular types, their desirable features, how to test out and narrow down the choices a prospective customer should make, as well as looking at some of the best and most-sought-after binoculars money can buy. Uniquely experienced writer and binocular enthusiast, Dr Neil English, takes the pain out of narrowing down the search for your ideal binocular, whether your budget is $50 or $5,000. Dr English explores many of the timeless beauties of the binocular world, crafted by top European and Japanese manufacturers, such as Swarovski, Zeiss, Nikon, Leica and others. Sumptuously illustrated throughout with full color images, Choosing & Using Binoculars decodes all the technical jargon without sacrificing accuracy and presents the world?s best compendium of binocular literature for the birder, hunter, inveterate traveler, nature enthusiast and star gazer. Don?t leave home without it! . 606 $aAstronomy$vObservations 606 $aOptics 606 $aOptical materials 606 $aAstronomy, Observations and Techniques 606 $aApplied Optics 606 $aOptical Materials 615 0$aAstronomy 615 0$aOptics. 615 0$aOptical materials. 615 14$aAstronomy, Observations and Techniques. 615 24$aApplied Optics. 615 24$aOptical Materials. 676 $a681.412 700 $aEnglish$b Neil T.$0838596 801 0$bMiAaPQ 801 1$bMiAaPQ 801 2$bMiAaPQ 906 $aBOOK 912 $a9910770263903321 996 $aChoosing & Using Binoculars$93660367 997 $aUNINA LEADER 01722nas 2200589- 450 001 9910481147503321 005 20241223110050.0 011 $a2689-9655 035 $a(OCoLC)1132808269 035 $a(CKB)4100000011384395 035 $a(CONSER)--2019203612 035 $a(MiFhGG)65LI 035 $a(DE-599)ZDB3059855-2 035 $a(EXLCZ)994100000011384395 100 $a20191223a20219999 o-- a 101 0 $aeng 135 $aur||||||||||| 181 $ctxt$2rdacontent 182 $cc$2rdamedia 183 $acr$2rdacarrier 200 00$aComputational and systems oncology 210 1$aHoboken, NJ :$cJohn Wiley & Sons, Inc.,$d[2021]- 215 $a1 online resource 300 $aRefereed/Peer-reviewed 517 1 $aCSO 517 1 $aComputational & systems oncology 531 0 $aComput. syst. oncol. 531 10$aComput Syst Oncol 606 $aOncology$xData processing$vPeriodicals 606 $aOncology$vPeriodicals 606 $aSystems biology$vPeriodicals 606 $aMedical Oncology 606 $aNeoplasms 606 $aMedical Informatics Computing 606 $aSystems biology$2fast$3(OCoLC)fst01745552 606 $aOncology$2fast$3(OCoLC)fst01045739 608 $aPeriodical 608 $aPeriodicals.$2fast 608 $aPeriodicals.$2lcgft 615 0$aOncology$xData processing 615 0$aOncology 615 0$aSystems biology 615 12$aMedical Oncology 615 12$aNeoplasms 615 22$aMedical Informatics Computing 615 7$aSystems biology. 615 7$aOncology. 676 $a616.994 906 $aJOURNAL 912 $a9910481147503321 996 $aComputational and systems oncology$92198868 997 $aUNINA